Normal view
MARC view
- Roussel N
Entry Personal Name
001 - CONTROL NUMBER
- control field: 216780
003 - CONTROL NUMBER IDENTIFIER
- control field: OSt
005 - DATE AND TIME OF LATEST TRANSACTION
- control field: 20260223112558.0
008 - FIXED-LENGTH DATA ELEMENTS
- fixed length control field: 260223|| aca||aabn | a|a d
040 ## - CATALOGING SOURCE
- Original cataloging agency: OSt
- Transcribing agency: OSt
100 ## - HEADING--PERSONAL NAME
- Personal name: Roussel N
670 ## - SOURCE DATA FOUND
- Source citation: Work cat.: (OSt)370504: Roussel N, Digital Fabrication With Cement Based materials:State Of the Art Report Of The Rilemtc 276 DFC, 2022